[Event "Gaia Profigaia op 17th"]
[Site "Vila Nova de Gaia"]
[Date "2017.06.17"]
[Round "5"]
[White "Santos, Jorge AF Silva"]
[Black "Amorim, Vicente Nuno Marque"]
[Result "0-1"]
[WhiteElo "1433"]
[BlackElo "1084"]
[PlyCount "68"]
[EventDate "2017.06.14"]
[EventType "swiss"]
[EventRounds "7"]
[EventCountry "POR"]
[SourceTitle "CBM 179 Extra"]
[Source "ChessBase"]
[SourceDate "2017.08.23"]
[SourceVersion "1"]
[SourceVersionDate "2017.08.23"]
[SourceQuality "1"]

1. e4 e5 2. Nf3 Nc6 3. Nc3 d6 4. Bb5 Bd7 5. d4 Nf6 6. dxe5 dxe5 7. Bxc6 Bxc6 8. Qxd8+ Rxd8 9. 0-0 Bd6 10. Re1 0-0 11. h3 Rfe8 12. Bd2 b5 13. a3 Ra8 14. Na2 Bxe4 15. Ng5 Bxc2 16. Rac1 Bb3 17. Ra1 Bxa2 18. Rxa2 h6 19. Ne4 Nxe4 20. Rxe4 f5 21. Re1 e4 22. b4 c5 23. bxc5 Bxc5 24. Rc1 Bb6 25. Bb4 Rec8 26. Rac2 Rxc2 27. Rxc2 Rd8 28. Kf1 Kf7 29. Bc5 Rc8 30. Bxb6 Rxc2 31. Bxa7 f4 32. Bb8 f3 33. gxf3 exf3 34. Bd6 Rc1# 0-1

[Event "Gaia Profigaia op 17th"]
[Site "Vila Nova de Gaia"]
[Date "2017.06.15"]
[Round "3"]
[White "Filipe, Guilherme Castro"]
[Black "Santos, Jorge AF Silva"]
[Result "1-0"]
[WhiteElo "1145"]
[BlackElo "1433"]
[PlyCount "72"]
[EventDate "2017.06.14"]
[EventType "swiss"]
[EventRounds "7"]
[EventCountry "POR"]
[SourceTitle "CBM 179 Extra"]
[Source "ChessBase"]
[SourceDate "2017.08.23"]
[SourceVersion "1"]
[SourceVersionDate "2017.08.23"]
[SourceQuality "1"]

1. e4 e5 2. Nf3 Nf6 3. Nxe5 d6 4. Nf3 Nxe4 5. Qe2 Qe7 6. Nc3 Nxc3 7. dxc3 Qxe2+ 8. Bxe2 Bf5 9. Bd3 Bg6 10. 0-0 Be7 11. Re1 Nc6 12. Bg5 f6 13. Bxg6+ hxg6 14. Bd2 0-0-0 15. Nd4 Ne5 16. f4 Nc4 17. Rxe7 Nxd2 18. Rxg7 Rdg8 19. Rxg8+ Rxg8 20. Rd1 Ne4 21. Re1 f5 22. g3 Kd7 23. Kg2 Re8 24. Re3 a6 25. Kf3 Nd2+ 26. Ke2 Rxe3+ 27. Kxe3 Nc4+ 28. Kf3 Nxb2 29. g4 fxg4+ 30. Kxg4 Nc4 31. Kg5 Ne3 32. Kxg6 Ke7 33. Kg7 Nd5 34. f5 Nf4 35. f6+ Kd8 36. f7 Nh5+ 1-0